Pays de l'Union Soviétique - Mort Subite - Statistiques

Statistiques générales
  • Ce quiz a été pris 877 fois
    829 depuis la dernière actualisation
  • Le résultat moyen est 8 sur 15
Answers on the Grid
Answers color-coded by a green-red scale on the quiz's grid according to % correct below.
Afghanistan
Allemagne de l'Est
Arménie
Azerbaïdjan
Biélorussie
Bulgarie
Chine
Corée du Nord
Estonie
Finlande
Géorgie
Hongrie
Iran
Kazakhstan
Kirghizistan
Lettonie
Lituanie
Moldavie
Mongolie
Norvège
Ouzbékistan
Pakistan
Pologne
Roumanie
Russie
Slovaquie
Tadjikistan
Turkménistan
Turquie
Ukraine
 
Statistiques - réponses
Réponse % Correct
Biélorussie
77%
Estonie
65%
Russie
64%
Arménie
61%
Azerbaïdjan
61%
Ukraine
60%
Lituanie
59%
Kazakhstan
55%
Lettonie
54%
Kirghizistan
52%
Ouzbékistan
52%
Géorgie
47%
Tadjikistan
46%
Turkménistan
45%
Moldavie
41%
Aucun quiz correspondant
Distribution des résultats
% des personnes avec chaque résultat
Percentile par nombre de réponses
Votre historique - résultats
Vous n’avez pas pris ce quiz depuis la dernière actualisation